Capitales les plus septentrionales - Mort subite - Statistiques

Statistiques générales
  • Ce quiz a été pris 82 fois
  • Le résultat moyen est 7 sur 15
Answers on the Grid
Answers color-coded by a green-red scale on the quiz's grid according to % correct below.
Amsterdam
Astana
Berlin
Berne
Bratislava
Bruxelles
Budapest
Chisinau
Copenhague
Dublin
Helsinki
Kiev
Ljubljana
Londres
Luxembourg
Minsk
Moscou
Oslo
Paris
Prague
Reykjavik
Riga
Stockholm
Tallinn
Oulan-Bator
Vaduz
Vienne
Vilnius
Varsovie
Zagreb
 
Statistiques - réponses
Réponse % Correct
Reykjavik
70%
Helsinki
65%
Oslo
61%
Moscou
56%
Stockholm
52%
Copenhague
44%
Tallinn
43%
Riga
39%
Vilnius
39%
Londres
35%
Dublin
33%
Minsk
33%
Amsterdam
30%
Varsovie
26%
Berlin
24%
Aucun quiz correspondant
Distribution des résultats
% des personnes avec chaque résultat
Percentile par nombre de réponses
Votre historique - résultats
Vous n’avez pas pris ce quiz